Unregelmassige Verben (facile) inverse - Statistiques

Statistiques générales
  • Ce quiz a été pris 9 fois
  • Le résultat moyen est 17 sur 116
Statistiques - réponses
Hint Réponse % Correct
helfen aider
100%
nehmen prendre
100%
beginnen commencer
50%
bergen sauver
50%
bitten prier de
50%
bleiben rester
50%
denken penser
50%
essen manger
50%
fahren aller en véhicule
50%
fallen plaire
50%
finden trouver
50%
fliegen voler
50%
geben donner
50%
gelten être valable
50%
gewinnen gagner
50%
kennen connaître
50%
klingen sonner
50%
liegen être allongé
50%
reiten aller à cheval
50%
schreiben écrire
50%
schwimmen nager
50%
sehen voir
50%
singen chanter
50%
sitzen être assis
50%
sprechen parler
50%
stehen être debout
50%
stehlen voler
50%
treffen rencontrer
50%
trinken boire
50%
vergessen oublier
50%
waschen laver
50%
werfen jeter
50%
beissen mordre
0%
beweisen prouver
0%
bieten faire une offre
0%
binden attacher
0%
braten rôtir
0%
brechen rompre
0%
brennen brûler
0%
dringen traverser
0%
empfehlen recommander
0%
entscheiden décider
0%
erschrecken s'effrayer
0%
fangen attraper
0%
fliehen fuir
0%
fliessen couler
0%
fressen bouffer
0%
frieren avoir froid
0%
frieren (2 temps) geler
0%
gelingen réussir
0%
geniessen apprécier
0%
geschehen se passer
0%
gleichen ressembler
0%
greifen prendre
0%
halten tenir
0%
heben soulever
0%
kriechen ramper
0%
laden charger
0%
lassen laisser
0%
leiden souffrir
0%
leihen prêter
0%
lesen lire
0%
meiden éviter
0%
nennen nommer
0%
raten conseiller
0%
reiben frotter
0%
reissen tirer avec force
0%
rennen courir
0%
riechen sentir
0%
ringen lutter
0%
schaffen créer
0%
schaffen (2 temps) réussir
0%
scheinen briller
0%
schieben pousser
0%
schlafen dormir
0%
schlagen frapper
0%
schleichen se déplacer furtivement
0%
schleifen aiguiser
0%
schliessen fermer
0%
schlingen dévorer
0%
schmeissen jeter
0%
schmelzen fondre
0%
schneiden couper
0%
schreien crier
0%
schreiten s'avancer
0%
schweigen se taire
0%
schwellen enfler
0%
schwingen agiter
0%
schwingen (1 temps) est arqué
0%
senden envoyer
0%
senden (3 temps) transmettre
0%
sich besinnen réfléchir
0%
sinken couler
0%
spinnen filer
0%
springen sauter
0%
stechen piquer
0%
sterben mourir
0%
streichen peindre
0%
streiten se quereller
0%
tragen porter
0%
treiben pousser
0%
treten donner un coup de pied
0%
überwinden surmonter
0%
unterscheiden différencier
0%
verderben gâcher
0%
verlieren perdre
0%
verschwinden disparaître
0%
verzeihen pardonner
0%
wachsen grandir
0%
weichen s'apaiser
0%
weisen indiquer
0%
wenden se tourner
0%
werben faire de la pub
0%
wiegen peser
0%
ziehen tirer
0%
zwingen forcer
0%
Aucun quiz correspondant
Distribution des résultats
% des personnes avec chaque résultat
Percentile par nombre de réponses
Votre historique - résultats
Vous n’avez pas pris ce quiz